| 000 | 01222nam a2200337Ia 4500 | ||
|---|---|---|---|
| 003 | OSt | ||
| 005 | 20221007122415.0 | ||
| 006 | a|||||r|||| 00| 0 | ||
| 007 | ta | ||
| 008 | 221006b |||||||| |||| 00| 0 eng d | ||
| 020 | _a9780691131375 (hbd) | ||
| 024 | _a84116 | ||
| 037 |
_b1732, 04/02/2009, New India Book Agency _cTextbook |
||
| 040 |
_aPAPL _cPAPL _beng |
||
| 041 |
_2eng _aeng |
||
| 082 | _aC:(9S), P8 Carpa | ||
| 100 |
_aLandau Rubin H _9480484 |
||
| 245 | 0 |
_aSurvey of computational physics: Introductory computational science _b Paez Manuel Jose Bordeianu Cristian C |
|
| 260 |
_aNew _bJersey Princeton University Press _c2008 |
||
| 300 |
_axxv, 658p. _ccm. |
||
| 500 | _a''Appendices A-G, 555-639p''.; ''References 641-649p''.; ''Index 651-658p''. | ||
| 650 |
_a Java _9714253 |
||
| 650 |
_a Shell _9714254 |
||
| 650 |
_a Summing series _9714255 |
||
| 650 |
_a Types of error _9714256 |
||
| 650 | _aPhysics | ||
| 700 |
_a Bordeianu Cristian C _9714257 |
||
| 700 |
_a Paez Manuel Jose _9714258 |
||
| 942 |
_hC:(9S), P8 Carpa _cTB _2CC |
||
| 999 |
_c1210297 _d1210297 |
||